00882nam a2200229 a 450000100060000000300080000600500170001400800410003103500400007204000310011204100080014308200250015110000380017624502050021425000250041926000460044430000260049050600540051665000240057065000280059477600300062238534BD-RjUL20211209052820.0151228s1891 enk o 000 0 eng d a(OCoLC)ocn624452449a(BD-RjUL)38639 aOCLCEbengcOCLCEdBD-RjUL aeng 223a515.43bWIE 18911 aWilliamson, Benjamin,d1827-1916.13aAn elementary treatise on the integral calculus containing applications to plane curves and surfaces, and also a chapter on the calculus of variations, with numerous examples.cBy Benjamin Williamson. a6th ed., rev. & enl. aLondon:bLongmans, Green, and co.,c1891. axvi, 463 p. ;c20 cm. 3Use copyfRestrictions unspecified2star5MiAaHDL aCalculus, Integral. aCalculus of variations.1 cOriginalw(OCoLC)13479318